00979nam a2200217 a 450000100100000000500170001000800410002702000180006804000250008608200150011110000400012624502600016626000560042630000350048250000630051765000350058065000380061565000450065370000320069870000310073000004238820201002040125.0131127s2013 dr ad 001 0 spa d a9789945889802 aDO-SdBNPbspacBNPHU a334bR621m1 aRivera Rodríguez, Claudio Alberto10aManual para la implementación del modelo de gestión social en las cooperativas, sustentados en los principios cooperativos y en el balance social cooperativo /cClaudio Alberto Rivera Rodríguez, Juan Luis Alfonso Alemán, Yamira Mirabal González. aSanto Domingo, :bD&A Soluciones Gráficas,c2013. a36 p. :bil., tabls. ;c21 cm. aIncluye datos biográficos del autor en la contraportada. 4aEconomía solidariavMANUALES 4aCooperativismoxAspectos sociales 4aCooperativasxAdministraciónvMANUALES1 aAlfonso Alemán, Juan Luis1 aMirabal González, Yamira